<?xml version="1.0" encoding="UTF-8"?>
<collection xmlns="http://www.loc.gov/MARC21/slim">
<record>
  <controlfield tag="001">153061</controlfield>
  <controlfield tag="005">20251017144551.0</controlfield>
  <datafield tag="024" ind1="7" ind2=" ">
    <subfield code="2">doi</subfield>
    <subfield code="a">10.24137/raeic.12.23.5</subfield>
  </datafield>
  <datafield tag="024" ind1="8" ind2=" ">
    <subfield code="2">sideral</subfield>
    <subfield code="a">143555</subfield>
  </datafield>
  <datafield tag="037" ind1=" " ind2=" ">
    <subfield code="a">ART-2025-143555</subfield>
  </datafield>
  <datafield tag="041" ind1=" " ind2=" ">
    <subfield code="a">spa</subfield>
  </datafield>
  <datafield tag="100" ind1=" " ind2=" ">
    <subfield code="a">Zamora-Martínez, Patricia</subfield>
  </datafield>
  <datafield tag="245" ind1=" " ind2=" ">
    <subfield code="a">Discurso verbal y visual en los perfiles de Instagram de los partidos liderados por Abascal y Meloni: Viralidad y desinformación en la comunicación política de ultraderecha</subfield>
  </datafield>
  <datafield tag="260" ind1=" " ind2=" ">
    <subfield code="c">2025</subfield>
  </datafield>
  <datafield tag="506" ind1="0" ind2=" ">
    <subfield code="a">Access copy available to the general public</subfield>
    <subfield code="f">Unrestricted</subfield>
  </datafield>
  <datafield tag="520" ind1="3" ind2=" ">
    <subfield code="a">El avance de las tecnologías de la información y la comunicación ha facilitado la difusión de noticias falsas, especialmente en el ámbito político. Para abordar este problema, los Estados han implementado diversas medidas legislativas para proteger a los ciudadanos. Sin embargo, estos esfuerzos se enfrentan al creciente auge de la ultraderecha, particularmente en el sur de Europa, que ha favorecido la propagación de diversas formas de desinformación, lo que supone una amenaza global para la libertad y la democracia. Este es un desafío importante para Europa, y por este motivo se analiza la comunicación política de la ultraderecha en España (Vox) e Italia (Fratelli d'Italia) en Instagram durante sus respectivas campañas electorales. Los resultados muestran que los mensajes de estas formaciones de extrema derecha son directos, carecen de contexto informativo y apelan emocionalmente. Con grafismos y filtros, Abascal y Meloni se erigen como líderes icónicos, mediáticos y patrióticos. Además, sus publicaciones más agresivas, que abordan temas como inmigración, seguridad o libertad de expresión, son las más virales. Por otro lado, aquellas que mencionan a medios y critican a adversarios políticos obtienen un apoyo en likes que dobla Vox sobre Fratelli d'Italia.</subfield>
  </datafield>
  <datafield tag="536" ind1=" " ind2=" ">
    <subfield code="9">info:eu-repo/grantAgreement/ES/MICINN/PID2019-105613GB-C31</subfield>
    <subfield code="9">info:eu-repo/grantAgreement/ES/MICINN/PID2020-114193RB-I00</subfield>
  </datafield>
  <datafield tag="540" ind1=" " ind2=" ">
    <subfield code="9">info:eu-repo/semantics/openAccess</subfield>
    <subfield code="a">by-sa</subfield>
    <subfield code="u">https://creativecommons.org/licenses/by-sa/4.0/deed.es</subfield>
  </datafield>
  <datafield tag="655" ind1=" " ind2="4">
    <subfield code="a">info:eu-repo/semantics/article</subfield>
    <subfield code="v">info:eu-repo/semantics/publishedVersion</subfield>
  </datafield>
  <datafield tag="700" ind1=" " ind2=" ">
    <subfield code="a">Gascón-Vera, Patricia</subfield>
    <subfield code="u">Universidad de Zaragoza</subfield>
    <subfield code="0">(orcid)0000-0002-8516-3225</subfield>
  </datafield>
  <datafield tag="710" ind1="2" ind2=" ">
    <subfield code="1">5013</subfield>
    <subfield code="2">675</subfield>
    <subfield code="a">Universidad de Zaragoza</subfield>
    <subfield code="b">Unidad Predepartam. Period.Co.</subfield>
    <subfield code="c">Área Periodismo</subfield>
  </datafield>
  <datafield tag="773" ind1=" " ind2=" ">
    <subfield code="g">12, 23 (2025), raeic122305 [34 pp.]</subfield>
    <subfield code="p">Rev. Asoc. Esp. Investig. Comun.</subfield>
    <subfield code="t">Revista de la Asociación Española de Investigadores de la Comunicación</subfield>
    <subfield code="x">2341-2690</subfield>
  </datafield>
  <datafield tag="856" ind1="4" ind2=" ">
    <subfield code="s">1424638</subfield>
    <subfield code="u">http://zaguan.unizar.es/record/153061/files/texto_completo.pdf</subfield>
    <subfield code="y">Versión publicada</subfield>
  </datafield>
  <datafield tag="856" ind1="4" ind2=" ">
    <subfield code="s">1095513</subfield>
    <subfield code="u">http://zaguan.unizar.es/record/153061/files/texto_completo.jpg?subformat=icon</subfield>
    <subfield code="x">icon</subfield>
    <subfield code="y">Versión publicada</subfield>
  </datafield>
  <datafield tag="909" ind1="C" ind2="O">
    <subfield code="o">oai:zaguan.unizar.es:153061</subfield>
    <subfield code="p">articulos</subfield>
    <subfield code="p">driver</subfield>
  </datafield>
  <datafield tag="951" ind1=" " ind2=" ">
    <subfield code="a">2025-10-17-14:11:56</subfield>
  </datafield>
  <datafield tag="980" ind1=" " ind2=" ">
    <subfield code="a">ARTICLE</subfield>
  </datafield>
</record>
</collection>